Disolucion y suspension judicial de partidos politicos

Detalles Bibliográficos
Autor principal: Echarri Casi, Fermin Javier
Formato: Desconocido
Lenguaje:español
Publicado: Madrid : Dykinson, 2003
Materias:
Acceso en línea:Acceso restringido

MARC

LEADER 00000ny a22000003n 4500
005 20110628111840.0
006 m u
007 cr cn|||||||||
008 200508r2003 sp |||||s|||||||||||spa d
020 |a 9788497721745 
035 |a 653 
040 |a FlNmELB  |c FlNmELB  |d vLex 
050 1 4 |a KKT2488  |b E182 2003eb 
080 |a 329 
090 |c 1152  |d 1152 
100 1 |a Echarri Casi, Fermin Javier 
245 1 0 |a Disolucion y suspension judicial de partidos politicos  |h [Recurso electrn̤ico]  |c Fermin Javier Echarri Casi 
256 |a Servicio en ln̕ea 
260 |a Madrid :  |b Dykinson,  |c 2003 
300 |a 9-183 p 
506 1 |a Contenido solo disponible en los productos indicados  |d vLex Global  |d vLex Global (Academic Edition, excluding Law Schools)  |d vLex Global (U.S. Academic Edition, Law Schools)  |d vLex Global (U.S. Academic Edition, excluding Law Schools)  |d vLex Global (Academic Edition, Law Schools) 
650 0 7 |a Administrativo  |2 Tesauro vLex 
650 0 7 |a Derecho de propiedad  |2 Tesauro vLex 
650 0 7 |a Inmobiliario y registral  |2 Tesauro vLex 
650 0 7 |a Derechos fundamentales  |2 Tesauro vLex 
650 0 7 |a Participacin̤ polt̕ica  |2 Tesauro vLex 
740 0 |a vLex Libros (Servicios en ln̕ea) 
856 4 0 |u http://vlex.com/source/653  |z Acceso restringido 
942 |c BOOK